[Event "Russian Championship HL 2015 Male"]
[Site "Kaliningrad"]
[Date "2015.06.24"]
[Round "3.9"]
[White "Paravyan, David"]
[Black "Motylev, Alexander"]
[Result "1/2-1/2"]
[LiveChessVersion "1.4.4"]
[BlackElo "2643"]
[WhiteElo "2478"]

1. e4 {[%clk 1:30:49]} c5 {[%clk 1:30:45]} 2. Nf3 {[%clk 1:31:15]} Nc6
{[%clk 1:31:10]} 3. d4 {[%clk 1:31:41]} cxd4 {[%clk 1:31:35]} 4. Nxd4
{[%clk 1:32:09]} g6 {[%clk 1:31:53]} 5. c4 {[%clk 1:30:22]} Nf6 {[%clk 1:31:47]}
6. Nc3 {[%clk 1:30:43]} d6 {[%clk 1:32:10]} 7. f3 {[%clk 1:30:27]} Nxd4
{[%clk 1:30:43]} 8. Qxd4 {[%clk 1:30:53]} Bg7 {[%clk 1:31:08]} 9. Be3
{[%clk 1:30:16]} O-O {[%clk 1:31:28]} 10. Qd2 {[%clk 1:30:45]} a5
{[%clk 1:31:31]} 11. b3 {[%clk 1:30:12]} Be6 {[%clk 1:29:16]} 12. Rc1
{[%clk 1:28:32]} Nd7 {[%clk 1:29:03]} 13. Be2 {[%clk 1:28:39]} Nc5
{[%clk 1:29:22]} 14. O-O {[%clk 1:24:45]} Qb6 {[%clk 1:29:02]} 15. Nb5
{[%clk 1:24:18]} Bd7 {[%clk 1:25:59]} 16. Rfd1 {[%clk 1:20:28]} Rfc8
{[%clk 1:22:36]} 17. Bf1 {[%clk 1:18:26]} Qd8 {[%clk 1:19:50]} 18. Nc3
{[%clk 1:12:18]} Bc6 {[%clk 1:17:26]} 19. Qf2 {[%clk 0:58:55]} Qf8
{[%clk 1:16:52]} 20. Nd5 {[%clk 0:59:15]} Nd7 {[%clk 1:09:29]} 21. Qh4
{[%clk 0:57:54]} Bxd5 {[%clk 1:08:25]} 22. exd5 {[%clk 0:57:50]} Rc7
{[%clk 1:07:37]} 23. Qf2 {[%clk 0:51:28]} Rac8 {[%clk 1:06:05]} 24. a3
{[%clk 0:48:41]} Ra8 {[%clk 0:46:07]} 25. Rb1 {[%clk 0:38:00]} Nc5
{[%clk 0:44:20]} 26. Rdc1 {[%clk 0:35:17]} Bh6 {[%clk 0:40:39]} 27. f4
{[%clk 0:30:56]} Bg7 {[%clk 0:38:39]} 28. b4 {[%clk 0:28:39]} Nd7
{[%clk 0:33:56]} 29. Rc2 {[%clk 0:03:59]} axb4 {[%clk 0:29:48]} 30. axb4
{[%clk 0:04:26]} Ra3 {[%clk 0:30:10]} 31. Be2 {[%clk 0:03:09]} Qa8
{[%clk 0:21:30]} 32. c5 {[%clk 0:02:48]} Qa4 {[%clk 0:20:02]} 33. Bd1
{[%clk 0:02:08]} Qb5 {[%clk 0:15:14]} 34. Be2 {[%clk 0:02:27]} Qa4
{[%clk 0:15:36]} 35. Bd1 {[%clk 0:02:42]} Qb5 {[%clk 0:09:05]} 36. Be2
{[%clk 0:02:32]} Qa4 {[%clk 0:09:22]} 1/2-1/2

[Event "Russian Championship HL 2015 Male"]
[Site "Kaliningrad"]
[Date "2015.06.24"]
[Round "3.10"]
[White "Fedoseev, Vladimir"]
[Black "Lintchevski, Daniil"]
[Result "1-0"]
[LiveChessVersion "1.4.4"]
[BlackElo "2557"]
[WhiteElo "2674"]

1. c4 {[%clk 1:30:58]} c6 {[%clk 1:29:32]} 2. d4 {[%clk 1:31:21]} d5
{[%clk 1:29:55]} 3. Nf3 {[%clk 1:31:45]} Nf6 {[%clk 1:30:18]} 4. e3
{[%clk 1:32:06]} a6 {[%clk 1:30:34]} 5. Nc3 {[%clk 1:32:17]} b5 {[%clk 1:27:01]}
6. b3 {[%clk 1:32:39]} Bg4 {[%clk 1:27:19]} 7. Be2 {[%clk 1:33:06]} e6
{[%clk 1:22:10]} 8. O-O {[%clk 1:30:46]} Nbd7 {[%clk 1:22:36]} 9. h3
{[%clk 1:31:09]} Bf5 {[%clk 1:23:03]} 10. Bb2 {[%clk 1:30:46]} h6
{[%clk 1:23:30]} 11. Bd3 {[%clk 1:28:17]} Bxd3 {[%clk 1:23:01]} 12. Qxd3
{[%clk 1:28:40]} Bb4 {[%clk 1:21:09]} 13. Rfc1 {[%clk 1:21:41]} O-O
{[%clk 1:18:32]} 14. Ne2 {[%clk 1:04:14]} Qb8 {[%clk 1:10:36]} 15. Rc2
{[%clk 0:56:16]} Qb7 {[%clk 1:05:42]} 16. Rac1 {[%clk 0:54:16]} Rfc8
{[%clk 1:05:34]} 17. Nf4 {[%clk 0:50:47]} Bf8 {[%clk 0:55:49]} 18. c5
{[%clk 0:35:59]} a5 {[%clk 0:55:08]} 19. a3 {[%clk 0:35:05]} Ne4 {[%clk 0:53:02]}
20. Ne5 {[%clk 0:33:01]} Re8 {[%clk 0:42:52]} 21. f3 {[%clk 0:32:15]} Nef6
{[%clk 0:43:05]} 22. g4 {[%clk 0:29:33]} Qc7 {[%clk 0:42:20]} 23. Rg2
{[%clk 0:23:14]} Nxe5 {[%clk 0:41:19]} 24. dxe5 {[%clk 0:23:38]} Nd7
{[%clk 0:41:47]} 25. Qd4 {[%clk 0:23:58]} g6 {[%clk 0:37:50]} 26. Nd3
{[%clk 0:20:42]} Bg7 {[%clk 0:37:23]} 27. g5 {[%clk 0:16:25]} h5 {[%clk 0:36:06]}
28. f4 {[%clk 0:16:04]} a4 {[%clk 0:30:55]} 29. b4 {[%clk 0:12:28]} Rad8
{[%clk 0:30:59]} 30. Rf1 {[%clk 0:12:14]} Nf8 {[%clk 0:28:35]} 31. Nc1
{[%clk 0:09:24]} Rd7 {[%clk 0:24:38]} 32. Ne2 {[%clk 0:08:01]} Qd8
{[%clk 0:24:57]} 33. Qd1 {[%clk 0:07:55]} Qc7 {[%clk 0:25:18]} 34. Bd4
{[%clk 0:08:15]} Qd8 {[%clk 0:25:44]} 35. Ng3 {[%clk 0:06:02]} Qc7
{[%clk 0:26:13]} 36. Rff2 {[%clk 0:06:22]} Qd8 {[%clk 0:26:42]} 37. Rd2
{[%clk 0:04:34]} Qc7 {[%clk 0:27:04]} 38. Qf1 {[%clk 0:03:04]} Qd8
{[%clk 0:26:43]} 39. Ne2 {[%clk 0:02:11]} Qc7 {[%clk 0:27:02]} 40. Bb2
{[%clk 0:32:13]} Rb8 {[%clk 0:55:48]} 41. Kf2 {[%clk 0:28:14]} Rbd8
{[%clk 0:55:07]} 42. Ke1 {[%clk 0:26:39]} Qc8 {[%clk 0:54:53]} 43. Kd1
{[%clk 0:26:54]} Qc7 {[%clk 0:52:03]} 44. Kc1 {[%clk 0:24:46]} Rb8
{[%clk 0:52:10]} 45. Kb1 {[%clk 0:25:11]} Rbd8 {[%clk 0:52:35]} 46. Qd1
{[%clk 0:25:28]} Re8 {[%clk 0:52:24]} 47. Bd4 {[%clk 0:25:47]} Rc8
{[%clk 0:51:03]} 48. Ng3 {[%clk 0:25:03]} Qd8 {[%clk 0:51:23]} 49. Rh2
{[%clk 0:24:23]} Qe8 {[%clk 0:51:26]} 50. Rdg2 {[%clk 0:23:51]} Rcd8
{[%clk 0:49:09]} 51. Qf3 {[%clk 0:23:09]} Rc8 {[%clk 0:49:12]} 52. Rh1
{[%clk 0:23:19]} Rcd8 {[%clk 0:49:27]} 53. Bb2 {[%clk 0:21:14]} Qe7
{[%clk 0:48:12]} 54. h4 {[%clk 0:19:26]} Qe8 {[%clk 0:48:17]} 55. Qe2
{[%clk 0:19:44]} Re7 {[%clk 0:42:59]} 56. e4 {[%clk 0:18:01]} Qd7
{[%clk 0:42:16]} 57. Rd1 {[%clk 0:15:43]} Qc7 {[%clk 0:39:53]} 58. Qe1
{[%clk 0:14:28]} Red7 {[%clk 0:37:32]} 59. Rgd2 {[%clk 0:14:27]} Re8
{[%clk 0:36:05]} 60. Bd4 {[%clk 0:14:06]} Rde7 {[%clk 0:35:22]} 61. Re2
{[%clk 0:13:46]} Nd7 {[%clk 0:35:03]} 62. Qc3 {[%clk 0:13:51]} Bh8
{[%clk 0:34:13]} 63. Rde1 {[%clk 0:13:44]} Bg7 {[%clk 0:34:14]} 64. Qd3
{[%clk 0:12:55]} Nf8 {[%clk 0:34:27]} 65. Qc3 {[%clk 0:12:44]} Nd7
{[%clk 0:34:50]} 66. Re3 {[%clk 0:11:40]} Bh8 {[%clk 0:34:08]} 67. Qc2
{[%clk 0:10:33]} Nf8 {[%clk 0:34:15]} 68. Bb2 {[%clk 0:10:52]} Bg7
{[%clk 0:33:43]} 69. Qe2 {[%clk 0:10:13]} Nd7 {[%clk 0:33:18]} 70. Nf1
{[%clk 0:10:37]} Nf8 {[%clk 0:32:03]} 71. Nd2 {[%clk 0:10:51]} Qc8
{[%clk 0:31:55]} 72. Nf3 {[%clk 0:10:02]} Rd8 {[%clk 0:32:08]} 73. Nd2
{[%clk 0:08:29]} Qd7 {[%clk 0:31:19]} 74. Rd3 {[%clk 0:08:36]} Qc8
{[%clk 0:31:34]} 75. Nf1 {[%clk 0:08:48]} Rde8 {[%clk 0:30:58]} 76. Ka1
{[%clk 0:08:52]} Qc7 {[%clk 0:30:56]} 77. Ng3 {[%clk 0:09:12]} Nd7
{[%clk 0:30:53]} 78. Qf1 {[%clk 0:09:22]} Bh8 {[%clk 0:30:56]} 79. Kb1
{[%clk 0:09:46]} Bg7 {[%clk 0:30:54]} 80. Rde3 {[%clk 0:09:42]} Bh8
{[%clk 0:30:54]} 81. R1e2 {[%clk 0:06:46]} Bg7 {[%clk 0:29:43]} 82. Qe1
{[%clk 0:06:31]} Kf8 {[%clk 0:27:01]} 83. Ka1 {[%clk 0:06:19]} Qb8
{[%clk 0:27:01]} 84. Ka2 {[%clk 0:06:35]} Qc7 {[%clk 0:27:23]} 85. Qb1
{[%clk 0:05:51]} Kg8 {[%clk 0:19:29]} 86. f5 {[%clk 0:05:29]} Bxe5
{[%clk 0:19:57]} 87. exd5 {[%clk 0:03:46]} exf5 {[%clk 0:17:28]} 88. d6
{[%clk 0:04:11]} Bxd6 {[%clk 0:17:56]} 89. cxd6 {[%clk 0:04:34]} Qxd6
{[%clk 0:18:25]} 90. Rd3 {[%clk 0:04:18]} Qf4 {[%clk 0:18:10]} 91. Rxe7
{[%clk 0:03:22]} Rxe7 {[%clk 0:16:36]} 92. Qc2 {[%clk 0:03:10]} Qxh4
{[%clk 0:15:32]} 93. Qxc6 {[%clk 0:03:28]} Qc4+ {[%clk 0:15:59]} 94. Qxc4
{[%clk 0:03:49]} bxc4 {[%clk 0:16:27]} 95. Rd4 {[%clk 0:04:04]} f6
{[%clk 0:16:56]} 96. Rd6 {[%clk 0:03:33]} h4 {[%clk 0:16:36]} 97. gxf6
{[%clk 0:03:56]} Rf7 {[%clk 0:16:23]} 98. Nf1 {[%clk 0:04:15]} g5
{[%clk 0:16:05]} 99. Ne3 {[%clk 0:04:20]} f4 {[%clk 0:16:16]} 100. Ng4
{[%clk 0:04:38]} Kh7 {[%clk 0:16:38]} 101. b5 {[%clk 0:04:44]} Kg6
{[%clk 0:15:19]} 102. b6 {[%clk 0:04:04]} Kh5 {[%clk 0:15:30]} 103. b7
{[%clk 0:03:32]} Nb8 {[%clk 0:15:59]} 104. Ne5 {[%clk 0:03:46]} Rxb7
{[%clk 0:16:28]} 105. f7 {[%clk 0:04:08]} Rxf7 {[%clk 0:16:56]} 106. Nxf7
{[%clk 0:04:29]} h3 {[%clk 0:17:25]} 107. Rh6+ {[%clk 0:03:48]} Kg4
{[%clk 0:17:54]} 108. Bf6 {[%clk 0:04:09]} Nd7 {[%clk 0:17:41]} 109. Bxg5
{[%clk 0:04:28]} f3 {[%clk 0:17:41]} 110. Bh4 {[%clk 0:04:43]} Nc5
{[%clk 0:17:56]} 111. Ne5+ {[%clk 0:04:34]} Kf4 {[%clk 0:18:25]} 112. Rf6+
{[%clk 0:03:32]} Kxe5 {[%clk 0:18:54]} 113. Rxf3 {[%clk 0:03:52]} h2
{[%clk 0:19:23]} 114. Rh3 {[%clk 0:04:07]} Ne4 {[%clk 0:19:52]} 115. Rxh2
{[%clk 0:04:25]} Kd4 {[%clk 0:20:21]} 116. Kb2 {[%clk 0:04:45]} Kd3
{[%clk 0:20:50]} 117. Be1 {[%clk 0:05:05]} Nf2 {[%clk 0:21:07]} 118. Rxf2
{[%clk 0:05:28]} 1-0

[Event "Russian Championship HL 2015 Male"]
[Site "Kaliningrad"]
[Date "2015.06.24"]
[Round "3.11"]
[White "Malakhov, Vladimir"]
[Black "Chigaev, Maksim"]
[Result "1-0"]
[LiveChessVersion "1.4.4"]
[BlackElo "2525"]
[WhiteElo "2699"]

1. Nf3 {[%clk 1:30:39]} g6 {[%clk 1:30:54]} 2. e4 {[%clk 1:30:32]} d6
{[%clk 1:31:16]} 3. c4 {[%clk 1:29:04]} Bg7 {[%clk 1:31:34]} 4. d4
{[%clk 1:29:29]} Nf6 {[%clk 1:31:56]} 5. Nc3 {[%clk 1:29:53]} O-O
{[%clk 1:32:20]} 6. h3 {[%clk 1:30:15]} c5 {[%clk 1:32:46]} 7. Be3
{[%clk 1:27:57]} cxd4 {[%clk 1:32:53]} 8. Nxd4 {[%clk 1:28:22]} b6
{[%clk 1:33:17]} 9. g3 {[%clk 1:19:34]} Bb7 {[%clk 1:33:19]} 10. Bg2
{[%clk 1:20:01]} Nbd7 {[%clk 1:23:19]} 11. O-O {[%clk 1:19:28]} Rb8
{[%clk 1:21:54]} 12. Re1 {[%clk 1:13:31]} a6 {[%clk 1:21:49]} 13. Qd2
{[%clk 1:11:26]} Re8 {[%clk 1:18:31]} 14. Rad1 {[%clk 1:06:42]} Ba8
{[%clk 1:10:03]} 15. Bg5 {[%clk 1:00:39]} Rc8 {[%clk 1:07:42]} 16. b3
{[%clk 0:59:54]} Qc7 {[%clk 1:07:51]} 17. Nd5 {[%clk 0:55:33]} Qb8
{[%clk 1:08:14]} 18. Bh6 {[%clk 0:38:00]} e6 {[%clk 0:54:00]} 19. Bxg7
{[%clk 0:36:48]} Kxg7 {[%clk 0:54:23]} 20. Nxf6 {[%clk 0:37:03]} Nxf6
{[%clk 0:54:47]} 21. a4 {[%clk 0:26:46]} h6 {[%clk 0:53:12]} 22. Re3
{[%clk 0:26:47]} Red8 {[%clk 0:52:15]} 23. Qd3 {[%clk 0:23:43]} Qc7
{[%clk 0:51:48]} 24. Ne2 {[%clk 0:23:18]} Nd7 {[%clk 0:50:28]} 25. h4 Nf6
{[%clk 0:45:51]} 26. Nc3 {[%clk 0:15:09]} Ng4 {[%clk 0:43:23]} 27. Re2
{[%clk 0:15:29]} Qc5 {[%clk 0:42:20]} 28. Red2 {[%clk 0:09:53]} Kf8 29. Qf3 h5
{[%clk 0:38:54]} 30. Bh3 {[%clk 0:07:37]} Ne5 {[%clk 0:39:12]} 31. Qf6
{[%clk 0:08:00]} Kg8 {[%clk 0:39:38]} 32. Rc2 {[%clk 0:01:30]} b5
{[%clk 0:35:49]} 33. axb5 {[%clk 0:01:34]} axb5 {[%clk 0:36:14]} 34. Nxb5
{[%clk 0:01:37]} Bxe4 {[%clk 0:36:14]} 35. Rc3 {[%clk 0:02:05]} Ba8
{[%clk 0:26:07]} 36. Nd4 {[%clk 0:02:01]} Ng4 {[%clk 0:26:29]} 37. Bxg4
{[%clk 0:01:40]} hxg4 {[%clk 0:26:54]} 38. Nxe6 {[%clk 0:01:59]} fxe6
{[%clk 0:27:13]} 39. Qxg6+ {[%clk 0:02:25]} Kh8 {[%clk 0:27:15]} 40. Qh6+
{[%clk 0:32:24]} Kg8 {[%clk 0:57:39]} 41. Qxe6+ {[%clk 0:29:45]} Kh8
{[%clk 0:57:26]} 42. Qf6+ {[%clk 0:25:18]} Kg8 {[%clk 0:53:25]} 43. Re3
{[%clk 0:19:18]} Re8 {[%clk 0:49:48]} 44. Qg6+ {[%clk 0:16:51]} Kf8
{[%clk 0:50:10]} 45. Qh6+ {[%clk 0:16:51]} Kf7 {[%clk 0:49:58]} 46. Qf4+
{[%clk 0:14:55]} Kg8 {[%clk 0:50:24]} 47. Qxg4+ {[%clk 0:13:54]} Kh8
{[%clk 0:50:48]} 48. b4 {[%clk 0:11:09]} Qc6 {[%clk 0:50:20]} 49. Qh5+
{[%clk 0:07:07]} Kg7 {[%clk 0:49:34]} 50. Rd5 {[%clk 0:06:40]} Rxe3 51. Rg5+
{[%clk 0:06:45]} Kf6 {[%clk 0:49:11]} 52. Qh6+ {[%clk 0:07:06]} Ke7
{[%clk 0:49:38]} 53. Rg7+ {[%clk 0:07:21]} Kd8 {[%clk 0:50:06]} 54. Qf6+
{[%clk 0:07:39]} 1-0

[Event "Russian Championship HL 2015 Male"]
[Site "Kaliningrad"]
[Date "2015.06.24"]
[Round "3.12"]
[White "Eliseev, Urii"]
[Black "Matlakov, Maxim"]
[Result "0-1"]
[LiveChessVersion "1.4.4"]
[BlackElo "2696"]
[WhiteElo "2530"]

1. e4 {[%clk 1:29:17]} c5 {[%clk 1:30:55]} 2. Nf3 {[%clk 1:29:30]} e6
{[%clk 1:31:21]} 3. d4 {[%clk 1:29:45]} cxd4 {[%clk 1:31:47]} 4. Nxd4
{[%clk 1:30:09]} Nc6 {[%clk 1:32:14]} 5. Nc3 {[%clk 1:30:26]} Qc7
{[%clk 1:32:36]} 6. Be3 {[%clk 1:29:44]} a6 {[%clk 1:32:52]} 7. Qf3
{[%clk 1:29:43]} d6 {[%clk 1:32:59]} 8. O-O-O {[%clk 1:28:03]} Bd7
{[%clk 1:32:38]} 9. Qg3 {[%clk 1:14:07]} Nf6 {[%clk 1:29:13]} 10. f4
{[%clk 1:01:56]} b5 {[%clk 1:26:38]} 11. Bd3 {[%clk 1:02:08]} g6 {[%clk 1:26:40]}
12. Qf3 {[%clk 0:46:48]} Rc8 {[%clk 1:16:51]} 13. g4 {[%clk 0:43:11]} Be7
{[%clk 1:08:17]} 14. g5 {[%clk 0:42:19]} Nh5 {[%clk 1:08:17]} 15. Kb1
{[%clk 0:38:22]} O-O {[%clk 1:04:56]} 16. Nde2 {[%clk 0:35:23]} b4
{[%clk 0:57:19]} 17. Na4 {[%clk 0:19:17]} Ne5 {[%clk 0:56:15]} 18. fxe5
{[%clk 0:19:42]} Bxa4 {[%clk 0:56:41]} 19. exd6 {[%clk 0:18:09]} Bxd6
{[%clk 0:56:19]} 20. b3 {[%clk 0:10:11]} Bb5 {[%clk 0:52:53]} 21. h4
{[%clk 0:09:25]} Be5 {[%clk 0:50:54]} 22. Nd4 {[%clk 0:04:43]} Rfd8
{[%clk 0:48:24]} 23. Bxb5 {[%clk 0:02:09]} axb5 {[%clk 0:48:04]} 24. Rhf1
{[%clk 0:00:35]} Ng3 {[%clk 0:47:18]} 25. Rf2 {[%clk 0:00:50]} Qb7
{[%clk 0:47:14]} 26. Bf4 {[%clk 0:00:31]} 0-1

[Event "Russian Championship HL 2015 Male"]
[Site "Kaliningrad"]
[Date "2015.06.24"]
[Round "3.13"]
[White "Najer, Evgeniy"]
[Black "Matsenko, Sergei"]
[Result "1/2-1/2"]
[LiveChessVersion "1.4.4"]
[BlackElo "2505"]
[WhiteElo "2661"]

1. e4 {[%clk 1:30:03]} e6 {[%clk 1:30:47]} 2. d4 {[%clk 1:30:28]} d5
{[%clk 1:31:13]} 3. e5 {[%clk 1:30:50]} c5 {[%clk 1:30:57]} 4. c3
{[%clk 1:30:43]} Nc6 {[%clk 1:31:10]} 5. Nf3 {[%clk 1:31:06]} Bd7
{[%clk 1:31:23]} 6. Be2 {[%clk 1:31:13]} Rc8 {[%clk 1:30:41]} 7. O-O
{[%clk 1:29:41]} a6 {[%clk 1:31:08]} 8. Nbd2 {[%clk 1:20:54]} cxd4
{[%clk 1:22:41]} 9. cxd4 {[%clk 1:20:32]} Nge7 {[%clk 1:21:59]} 10. Nb3
{[%clk 1:20:23]} Nf5 {[%clk 1:18:18]} 11. g4 {[%clk 1:12:12]} Nh4
{[%clk 1:17:48]} 12. Nxh4 {[%clk 1:10:14]} Qxh4 {[%clk 1:18:12]} 13. f4
{[%clk 1:04:39]} Qd8 {[%clk 1:13:23]} 14. Be3 {[%clk 1:03:11]} Be7
{[%clk 1:04:40]} 15. Rc1 {[%clk 0:44:09]} Na7 {[%clk 0:53:11]} 16. f5
{[%clk 0:34:30]} Bg5 {[%clk 0:33:56]} 17. Qd2 {[%clk 0:34:21]} Rxc1
{[%clk 0:33:26]} 18. Qxc1 {[%clk 0:32:56]} h6 {[%clk 0:17:13]} 19. Bxg5
{[%clk 0:28:12]} hxg5 {[%clk 0:15:54]} 20. f6 {[%clk 0:12:47]} gxf6
{[%clk 0:15:47]} 21. Rxf6 {[%clk 0:13:13]} Rg8 {[%clk 0:15:02]} 22. Nc5
{[%clk 0:13:39]} Bc8 {[%clk 0:13:08]} 23. Qc3 {[%clk 0:08:00]} Qe7
{[%clk 0:08:16]} 24. Kg2 {[%clk 0:07:47]} Rg6 {[%clk 0:06:38]} 25. Rxg6
{[%clk 0:07:04]} fxg6 {[%clk 0:07:07]} 26. Bd3 {[%clk 0:02:52]} Kf7
{[%clk 0:07:30]} 27. Qc2 {[%clk 0:02:56]} Kg7 {[%clk 0:05:01]} 28. Bxg6
{[%clk 0:03:18]} Nc6 {[%clk 0:04:13]} 29. Nb3 {[%clk 0:03:46]} Bd7
{[%clk 0:04:28]} 30. Bh5 {[%clk 0:03:55]} Be8 {[%clk 0:04:53]} 31. Bxe8
{[%clk 0:02:35]} Qxe8 {[%clk 0:05:22]} 32. Nc5 {[%clk 0:02:40]} Qe7
{[%clk 0:02:51]} 33. Qf2 {[%clk 0:02:41]} a5 {[%clk 0:02:56]} 34. a3
{[%clk 0:02:47]} b6 {[%clk 0:02:43]} 35. Na4 {[%clk 0:01:58]} Qf7
{[%clk 0:03:07]} 36. Nxb6 {[%clk 0:01:23]} Qxf2+ {[%clk 0:03:30]} 37. Kxf2
{[%clk 0:01:52]} Nxd4 {[%clk 0:03:54]} 38. Nd7 {[%clk 0:01:27]} Nc6
{[%clk 0:03:27]} 39. Nc5 {[%clk 0:00:51]} Nxe5 {[%clk 0:03:00]} 40. Nxe6+
{[%clk 0:30:58]} Kf6 {[%clk 0:33:26]} 41. Nc7 {[%clk 0:24:45]} Nxg4+
{[%clk 0:28:39]} 42. Kg3 {[%clk 0:24:57]} Ne3 {[%clk 0:28:55]} 43. Kf3
{[%clk 0:25:22]} Nc4 {[%clk 0:28:40]} 44. Nxd5+ {[%clk 0:24:37]} Ke5
{[%clk 0:21:33]} 45. Ne3 {[%clk 0:20:43]} Nxb2 {[%clk 0:21:35]} 46. Kg4
{[%clk 0:21:07]} Kf6 {[%clk 0:20:12]} 47. Kh5 {[%clk 0:20:54]} a4
{[%clk 0:17:21]} 48. Kg4 {[%clk 0:18:50]} Nd3 {[%clk 0:16:47]} 49. Nc4
{[%clk 0:18:48]} Nc5 {[%clk 0:16:09]} 50. Nd6 {[%clk 0:18:00]} Nd7
{[%clk 0:13:55]} 51. Ne4+ {[%clk 0:14:59]} Ke5 1/2-1/2

[Event "Russian Championship HL 2015 Male"]
[Site "Kaliningrad"]
[Date "2015.06.24"]
[Round "3.14"]
[White "Riazantsev, Alexander"]
[Black "Chekhov, Sergei"]
[Result "1-0"]
[LiveChessVersion "1.4.4"]
[BlackElo "2476"]
[WhiteElo "2658"]

1. d4 {[%clk 1:30:55]} Nf6 {[%clk 1:30:53]} 2. c4 {[%clk 1:31:15]} e6
{[%clk 1:31:17]} 3. Nc3 {[%clk 1:31:40]} Bb4 {[%clk 1:31:28]} 4. Qc2
{[%clk 1:32:03]} c5 {[%clk 1:31:42]} 5. dxc5 {[%clk 1:31:44]} O-O
{[%clk 1:31:24]} 6. a3 {[%clk 1:31:40]} Bxc5 {[%clk 1:31:48]} 7. Nf3
{[%clk 1:32:03]} a6 {[%clk 1:28:59]} 8. Bg5 {[%clk 1:31:16]} Be7 {[%clk 1:29:07]}
9. Rd1 {[%clk 1:31:24]} d6 {[%clk 1:13:37]} 10. c5 {[%clk 1:31:29]} d5
{[%clk 1:12:31]} 11. e4 {[%clk 1:31:53]} Nc6 {[%clk 1:12:00]} 12. b4
{[%clk 1:31:15]} b6 {[%clk 1:01:17]} 13. cxb6 {[%clk 1:06:24]} Qxb6
{[%clk 0:54:45]} 14. exd5 {[%clk 1:01:16]} Nxd5 {[%clk 0:51:46]} 15. Rxd5
{[%clk 0:54:41]} exd5 {[%clk 0:42:27]} 16. Nxd5 {[%clk 0:54:25]} Qb8
{[%clk 0:31:29]} 17. Bf4 {[%clk 0:43:14]} Bd6 {[%clk 0:22:18]} 18. Bxd6
{[%clk 0:42:26]} Qxd6 {[%clk 0:21:38]} 19. Qxc6 {[%clk 0:42:31]} Qxc6
{[%clk 0:21:46]} 20. Ne7+ {[%clk 0:42:57]} Kh8 {[%clk 0:22:12]} 21. Nxc6
{[%clk 0:43:24]} Bb7 {[%clk 0:20:38]} 22. Na5 {[%clk 0:19:44]} Bxf3
{[%clk 0:16:31]} 23. gxf3 {[%clk 0:20:01]} Rad8 {[%clk 0:15:54]} 24. Bc4
{[%clk 0:13:04]} Rfe8+ {[%clk 0:13:09]} 25. Kf1 {[%clk 0:13:33]} Rd6
{[%clk 0:12:36]} 26. h4 {[%clk 0:12:26]} h5 {[%clk 0:10:08]} 27. Bxf7
{[%clk 0:11:26]} 1-0

[Event "Russian Championship HL 2015 Male"]
[Site "Kaliningrad"]
[Date "2015.06.24"]
[Round "3.15"]
[White "Prizant, Jaroslav"]
[Black "Grachev, Boris"]
[Result "1/2-1/2"]
[LiveChessVersion "1.4.4"]
[BlackElo "2657"]
[WhiteElo "2516"]

1. Nf3 {[%clk 1:30:56]} d5 {[%clk 1:29:24]} 2. c4 {[%clk 1:27:01]} e6
{[%clk 1:29:06]} 3. e3 {[%clk 1:26:47]} g6 {[%clk 1:19:53]} 4. d4
{[%clk 1:25:47]} Bg7 {[%clk 1:20:14]} 5. Nc3 {[%clk 1:25:49]} Nc6
{[%clk 1:17:50]} 6. Be2 {[%clk 0:55:12]} Nge7 {[%clk 1:14:29]} 7. cxd5
{[%clk 0:55:31]} exd5 {[%clk 1:13:52]} 8. O-O {[%clk 0:55:54]} O-O
{[%clk 1:14:11]} 9. b3 {[%clk 0:55:03]} Nf5 {[%clk 1:09:13]} 10. Ba3
{[%clk 0:51:41]} Nce7 {[%clk 1:08:30]} 11. Ne1 {[%clk 0:41:54]} c6
{[%clk 1:04:07]} 12. Nd3 {[%clk 0:41:20]} Re8 {[%clk 1:03:42]} 13. Re1
{[%clk 0:38:30]} Nd6 {[%clk 1:00:26]} 14. Rc1 {[%clk 0:33:57]} Nef5
{[%clk 0:56:44]} 15. Bf1 {[%clk 0:32:10]} a6 {[%clk 0:52:03]} 16. Bb2
{[%clk 0:32:03]} Nb5 {[%clk 0:40:01]} 17. Na4 {[%clk 0:30:02]} Nfd6
{[%clk 0:39:19]} 18. Nac5 {[%clk 0:28:47]} Nc7 {[%clk 0:37:02]} 19. Ne5
{[%clk 0:26:05]} Ne6 {[%clk 0:35:35]} 20. Nxe6 {[%clk 0:25:41]} Bxe6
{[%clk 0:35:37]} 21. a4 {[%clk 0:15:56]} Bf5 {[%clk 0:32:27]} 22. b4
{[%clk 0:13:31]} f6 {[%clk 0:31:36]} 23. Nd3 {[%clk 0:12:33]} Nc4
{[%clk 0:30:07]} 24. Bc3 {[%clk 0:12:56]} Bxd3 {[%clk 0:24:40]} 25. Bxd3
{[%clk 0:13:21]} b5 {[%clk 0:25:01]} 26. Ra1 {[%clk 0:12:25]} f5 {[%clk 0:23:24]}
27. Re2 {[%clk 0:12:29]} Qd6 {[%clk 0:15:42]} 28. g3 {[%clk 0:12:28]} Nb6
{[%clk 0:09:24]} 29. Bc2 {[%clk 0:12:19]} Bf6 {[%clk 0:03:34]} 30. Bb3
{[%clk 0:12:00]} Kg7 {[%clk 0:04:01]} 31. Rea2 {[%clk 0:12:08]} Rab8
{[%clk 0:03:18]} 32. Qc2 {[%clk 0:07:19]} Rb7 {[%clk 0:03:03]} 33. axb5
{[%clk 0:06:44]} axb5 {[%clk 0:03:30]} 34. Ra6 {[%clk 0:07:08]} Ree7
{[%clk 0:03:02]} 35. Bd2 {[%clk 0:06:27]} Nc4 {[%clk 0:02:57]} 36. Bc3
{[%clk 0:05:56]} Nb6 {[%clk 0:03:16]} 37. Bd2 {[%clk 0:06:13]} Nc4
{[%clk 0:03:36]} 38. Bc3 {[%clk 0:06:34]} Nb6 {[%clk 0:01:45]} 1/2-1/2

[Event "Russian Championship HL 2015 Male"]
[Site "Kaliningrad"]
[Date "2015.06.24"]
[Round "3.16"]
[White "Zvjaginsev, Vadim"]
[Black "Solozhenkin, Evgeniy"]
[Result "1-0"]
[LiveChessVersion "1.4.4"]
[BlackElo "2464"]
[WhiteElo "2648"]

1. d4 {[%clk 1:30:26]} d5 {[%clk 1:30:47]} 2. Nf3 {[%clk 1:29:11]} Nf6
{[%clk 1:31:10]} 3. c4 {[%clk 1:27:34]} e6 {[%clk 1:31:35]} 4. Nc3
{[%clk 1:26:04]} Be7 {[%clk 1:31:28]} 5. g3 {[%clk 1:23:40]} O-O {[%clk 1:29:44]}
6. Bg2 {[%clk 1:23:50]} dxc4 {[%clk 1:23:41]} 7. Ne5 {[%clk 1:23:48]} c5
{[%clk 1:20:43]} 8. dxc5 {[%clk 1:23:36]} Qc7 {[%clk 1:11:50]} 9. Nxc4
{[%clk 1:19:36]} Bxc5 {[%clk 1:09:44]} 10. O-O {[%clk 1:14:25]} Bxf2+
{[%clk 0:52:06]} 11. Rxf2 {[%clk 1:14:41]} Qxc4 {[%clk 0:52:33]} 12. Rxf6
{[%clk 1:01:29]} gxf6 {[%clk 0:52:59]} 13. Bh6 {[%clk 0:56:38]} Qc5+
{[%clk 0:39:43]} 14. e3 {[%clk 0:55:47]} f5 {[%clk 0:39:42]} 15. Rc1
{[%clk 0:48:51]} Qe7 {[%clk 0:39:29]} 16. Qd4 {[%clk 0:42:26]} f6
{[%clk 0:36:57]} 17. Bxf8 {[%clk 0:28:48]} Qxf8 {[%clk 0:37:10]} 18. Nb5
{[%clk 0:23:31]} Nc6 {[%clk 0:36:17]} 19. Bxc6 {[%clk 0:22:33]} bxc6
{[%clk 0:36:43]} 20. Rxc6 {[%clk 0:21:52]} Bb7 {[%clk 0:16:48]} 21. Rc7
{[%clk 0:21:35]} Rd8 {[%clk 0:15:54]} 22. Qh4 {[%clk 0:21:29]} Rd1+
{[%clk 0:14:46]} 23. Kf2 {[%clk 0:21:55]} Rd2+ {[%clk 0:15:08]} 24. Ke1
{[%clk 0:21:55]} Rd1+ {[%clk 0:15:06]} 25. Kxd1 {[%clk 0:21:36]} 1-0

[Event "Russian Championship HL 2015 Male"]
[Site "Kaliningrad"]
[Date "2015.06.24"]
[Round "3.17"]
[White "Kokarev, Dmitry"]
[Black "Yandemirov, Valeri"]
[Result "0-1"]
[WhiteElo "2639"]
[BlackElo "2405"]
[PlyCount "0"]
[EventDate "2015.06.22"]

1.e4 e5 2.Nf3 Nc6 3.Bb5 a6 4.Ba4 Nf6 5.O-O b5 6.Bb3 Bc5 7.c3
d6 8.d4 Bb6 9.a4 Rb8 10.Na3 O-O 11.axb5 axb5 12.Nxb5 Bg4 13.Bc2
Bxf3 14.gxf3 Nh5 15.f4 Nxf4 16.Bxf4 exf4 17.Qg4 Qf6 18.Ra6 Ne7
19.Na3 Ra8 20.Rxa8 Rxa8 21.Re1 Ng6 22.Nc4 Qe6 23.Qxe6 fxe6 24.Kg2
Kf7 25.Kf3 e5 26.Rd1 Kf6 27.Nxb6 cxb6 28.dxe5+ dxe5 29.h4 Nxh4+
30.Kg4 Ng6 31.Rd6+ Ke7 32.Rxb6 Nf8 33.Bb3 Nd7 34.Re6+ Kd8 35.Bd5
Ra1 36.b4 Rg1+ 37.Kf3 g5 38.Rh6 g4+ 39.Ke2 f3+ 40.Kd2 g3 41.fxg3
f2 42.Bc4 f1Q 43.Bxf1 Rxf1 44.Kd3 Rf3+ 45.Kc4 Rxg3 46.Rxh7 Re3
47.Rg7 Rxe4+ 48.Kb5 Rf4 49.Kc6 Rf6+ 50.Kd5 Kc7 51.Re7 Rc6 52.b5
Rxc3 53.b6+ Kxb6 54.Ke6 Rc6+ 0-1